=LDR 00000nam 2200000 4500 =001 INLIS000000000056255 =005 20200826072228 =035 ##$$a 0010-0820000396 =007 ta =008 200826###########################0#eng## =082 ##$$a 920 =084 ##$$a 920 The t =245 ##$$a The Official Biccentenial Diary =300 ##$$a 344 halaman : $b Ilustrasi ; $c 29 cm =500 ##$$a Index: halaman 342-344 =650 #4$$a Buku Harian =264 ##$$a Brisbane :$b Sunshine Diaries Pty Ltd,$c 1987 =336 ##$$a teks$2 rdacontent =337 ##$$a lain-lain$2 rdamedia =338 ##$$a lain-lain$2 rdacarrier =990 ##$$a 03810381